000 00279nam a22001217a 4500
008 170714b xxu||||| |||| 00| 0 eng d
041 _aeng
080 _a038
100 _a24
101 _aFJA
245 _aFUNK& WAGNALLS STANDART DESK DICTIONARY
_cLANDAU,S.L
942 _2udc
_cBK
999 _c20852
_d20852